MARC

LEADER 00000nam0a2200000 4500
001 210361
005 20231101225616.0
035 |a (RuTPU)RU\TPU\book\229750 
090 |a 210361 
100 |a 20120222d1945 km y0rusy50 ca 
101 0 |a rus 
102 |a RU 
105 |a a z 001zy 
200 1 |a Кинетическая теория жидкостей  |f Я. И. Френкель 
210 |a Москва  |c Изд-во АН СССР  |d 1945  |a Ленинград 
215 |a 421 с.  |c ил. 
320 |a Библиогр. в примеч. 
610 1 |a физика 
610 1 |a гидродинамика 
610 1 |a высокие температуры 
610 1 |a тепловое движение 
610 1 |a фазовые превращения 
610 1 |a растворы 
610 1 |a высокомолекулярные вещества 
675 |a 532.7  |v 3 
700 1 |a Френкель  |b Я. И.  |c российский физик-теоретик  |c член-корреспондент АН СССР  |f 1894-1952  |g Яков Ильич  |2 stltpush  |3 (RuTPU)RU\TPU\pers\4118  |9 904 
801 1 |a RU  |b 63413507  |c 20120222 
801 2 |a RU  |b 63413507  |c 20191015  |g RCR 
942 |c BK